00656nam a22001097a 4500040000800000082002700008100002900035245042000064260002600484300002300510856001300533 cRUA aAED LEM 2018 B657 Or.1 aLEM POV លេម ពៅ athe study on economic efficiency of chichken of po slik farm in osray commune, tramkok district, takeo province ការសិក្សារអំពីប្រសិទ្ធសេដ្ឋកិច្ចផលិតកម្មមាន់យកសាច់ជាលក្ចណះកសិដ្ឋាន ឃុំអូរសារាយ ស្រុកត្រាំកក់ ខេត្តតាកែវ aRUAbPhnom penhc2018 aix;39pbill;c29cm u LEM POV